Časové hospodářství - předpoklad efektivního řízení

Nové nároky, ktoré kladie svetový trh na výrobcov, sa odrážajú v časovom hospodárstve. Úlohy časového hospodárstva. Nové požiadavky na meranie práce.

Gespeichert in:
Bibliographische Detailangaben
1. Verfasser: Hüttlová, Eva
Format: Buchkapitel
Sprache:Tschechisch
Schlagworte:
Tags: Tag hinzufügen
Keine Tags, Fügen Sie das erste Tag hinzu!

MARC

LEADER 00000naa a2200000 4500
001 r016699
005 20220516132134.0
041 0 |a cze 
044 |a CZ 
245 1 0 |a Časové hospodářství - předpoklad efektivního řízení  |c Eva Hüttlová 
520 |a Nové nároky, ktoré kladie svetový trh na výrobcov, sa odrážajú v časovom hospodárstve. Úlohy časového hospodárstva. Nové požiadavky na meranie práce. 
610 2 0 |a meranie práce 
610 2 0 |a štúdie časové 
610 2 0 |a normovanie práce 
610 2 0 |a čas pracovný 
100 1 |a Hüttlová, Eva